Người lãnh đạo Việt [ Việt Nam Cộng Hòa ]
Đã lưu trong:
| 主要作者: | |
|---|---|
| 格式: | 圖書 |
| 語言: | Undetermined |
| 標簽: |
添加標簽
沒有標簽, 成為第一個標記此記錄!
|
| Thư viện lưu trữ: | Trung tâm Học liệu Trường Đại học Cần Thơ |
|---|
| LEADER | 00455nam a2200133Ia 4500 | ||
|---|---|---|---|
| 001 | CTU_26398 | ||
| 008 | 210402s9999 xx 000 0 und d | ||
| 082 | |a 658 | ||
| 082 | |b Gi103 | ||
| 100 | |a Đỗ Kế Giai | ||
| 245 | 0 | |a Người lãnh đạo Việt [ Việt Nam Cộng Hòa ] | |
| 245 | 0 | |c Đỗ Kế Giai, chuẩn tướng | |
| 904 | |i Nguyễn Quang Điền, 981013 | ||
| 980 | |a Trung tâm Học liệu Trường Đại học Cần Thơ | ||